University Home | Library Home | Institutional Repository

The wonder drugs : (Record no. 56357)

MARC details
000 -LEADER
fixed length control field 00716cam6a220021700 4500
001 - CONTROL NUMBER
control field tmp15731892
003 - CONTROL NUMBER IDENTIFIER
control field UPRA
005 - DATE AND TIME OF LATEST TRANSACTION
control field 20190814133212.0
008 - FIXED-LENGTH DATA ELEMENTS--GENERAL INFORMATION
fixed length control field 951014s1967 nyu eng u
035 ## - SYSTEM CONTROL NUMBER
System control number (Sirsi) r68321
035 ## - SYSTEM CONTROL NUMBER
System control number (UPRA)tmp15731892
040 ## - CATALOGING SOURCE
Transcribing agency UPRA
100 1# - MAIN ENTRY--PERSONAL NAME
Personal name Williams, Beryl.
Linkage A29357.1
245 14 - TITLE STATEMENT
Title The wonder drugs :
Remainder of title [original title: Medicine from microbes] /
Statement of responsibility, etc. [by] Beryl Williams and Samuel Epstein.
260 ## - PUBLICATION, DISTRIBUTION, ETC.
Place of publication, distribution, etc. [New York] :
Name of publisher, distributor, etc. Avon Books,
Date of publication, distribution, etc. [1967]
440 #0 - SERIES STATEMENT/ADDED ENTRY--TITLE
Title Avon ladder series
Linkage S5105.1
650 #0 - SUBJECT ADDED ENTRY--TOPICAL TERM
Topical term or geographic name entry element Antibiotics -- History.
General subdivision Antibiotics -- History.
Linkage S21256.1
700 1# - ADDED ENTRY--PERSONAL NAME
Personal name Epstein, Samuel.
Linkage A29358.1
949 ## - LOCAL PROCESSING INFORMATION (OCLC)
a RM267
w LC
i -91667
m MEDICAL
t BOOK
l ON-SHELF

No items available.

© 2026 - The University of Zambia Library - Koha v25.11